NBA G League Teams - Statistics

General Stats
  • This quiz has been taken 526 times
    514 since last reset
  • The average score is 13 of 27
Answer Stats
Hint Answer % Correct
Golden State Warriors Santa Cruz Warriors
78%
Chicago Bulls Windy City Bulls
75%
Brooklyn Nets Long Island Nets
74%
Boston Celtics Maine Red Claws
73%
Cleveland Cavaliers Canton Charge
67%
Los Angeles Lakers South Bay Lakers
65%
Los Angeles Clippers Agua Caliente Clippers
62%
Indiana Pacers Fort Wayne Mad Ants
61%
Charlotte Hornets Greensboro Swarm
61%
Atlanta Hawks Erie BayHawks
58%
Houston Rockets Rio Grande Valley Vipers
58%
Dallas Mavericks Texas Legends
52%
Detroit Pistons Grand Rapids Drive
51%
Orlando Magic Lakeland Magic
47%
San Antonio Spurs Austin Spurs
46%
Memphis Grizzlies Memphis Hustle
45%
Toronto Raptors Raptors 905
42%
New York Knicks Westchester Knicks
42%
Minnesota Timberwolves Iowa Wolves
40%
Miami Heat Sioux Falls Skyforce
40%
Phoenix Suns Northern Arizona Suns
39%
Milwaukee Bucks Wisconsin Herd
38%
Oklahoma City Thunder Oklahoma City Blue
35%
Philadelphia 76ers Delaware 87ers
27%
Utah Jazz Salt Lake City Stars
25%
Washington Wizards Capital City Go-Go
20%
Sacramento Kings Reno Bighorns
12%
No matching quizzes found
Score Distribution
Percent of People with Each Score
Percentile by Number Answered
Your Score History
You have not taken this quiz since the last reset